Classement Fifa par Continent - Statistiques

Statistiques générales
  • Ce quiz a été pris 349 fois
  • Le résultat moyen est 51 sur 68
Statistiques - réponses
Point Cls Réponse % Correct
1733 2 France
99%
1661 4 Angleterre
98%
1765 1 Belgique
98%
1636 8 Espagne
98%
1639 7 Portugal
97%
1607 13 Italie
96%
1623 9 Argentine
95%
1712 3 Brésil
95%
1602 15 Allemagne
94%
1540 22 Etats-Unis
94%
1622 10 Colombie
93%
1604 14 Pays-Bas
93%
1482 35 Algérie
92%
1457 42 Australie
92%
1500 28 Japon
92%
1456 43 Maroc
92%
1621 11 Mexique
92%
1645 5 Uruguay
92%
1608 12 Suisse
91%
1579 17 Chili
90%
1331 73 Canada
89%
1642 6 Croatie
89%
1579 17 Suède
89%
1420 51 Egypte
88%
1544 21 Pérou
88%
1506 27 Tunisie
88%
1598 16 Danemark
87%
1149 122 Nouvelle-Zélande
87%
1461 40 Paraguay
87%
1555 20 Sénégal
87%
1517 25 Venezuela
87%
1325 75 Chine
86%
1459 41 Corée du Sud
86%
1368 63 Equateur
85%
1324 76 Bolivie
83%
1413 53 Cameroun
79%
1489 33 Iran
79%
1442 46 Costa Rica
78%
1351 67 Arabie Saoudite
76%
1380 61 Côte d'Ivoire
76%
1377 62 Honduras
76%
1304 81 Panama
76%
1389 56 Republique démocratique du Congo
75%
1398 55 Qatar
74%
1437 48 Jamaïque
73%
1493 31 Nigeria
73%
1340 70 Irak
72%
996 163 Fidji
70%
1439 47 Ghana
68%
1389 56 Mali
67%
1285 86 Haiti
65%
824 203 Tonga
61%
894 194 Samoa
60%
1346 69 Salvador
55%
1338 71 Emirats-Arabes-Unis
52%
991 165 Papouasie-Nouvelle Guinée
52%
996 163 Vanuatu
50%
1073 142 Iles Salomon
49%
1314 79 Syrie
49%
1201 104 Trinité-et-Tobago
45%
1304 85 Oman
41%
1381 59 Burkina Faso
39%
1035 156 Nouvelle-Calédonie
31%
1127 126 Antigua-et-Barbuda
30%
1014 161 Tahiti
30%
1309 81 Ouzbékistan
28%
1313 80 Curaçao
13%
900 192 Samoa Américaine
11%
Aucun quiz correspondant
Distribution des résultats
% des personnes avec chaque résultat
Percentile par nombre de réponses
Votre historique - résultats
Vous n’avez pas pris ce quiz